Motivace a odměňování pracovníků co musíte vědět, abyste ze svých spolupracovníků dostali to nejlepší

Na minha lista:
Detalhes bibliográficos
Autor principal: Urban, Jan
Formato: Livro
Idioma:tcheco
Publicado em: Praha Grada Publishing 2017
Edição:1. vydání
Assuntos:
Tags: Adicionar Tag
Sem tags, seja o primeiro a adicionar uma tag!

MARC

LEADER 00000nam a2200000 4500
001 0299521
005 20240523142631.4
020 |a 978-80-271-0227-3 
041 0 |a cze 
044 |a CZ 
245 1 0 |a Motivace a odměňování pracovníků  |b co musíte vědět, abyste ze svých spolupracovníků dostali to nejlepší  |c Jan Urban 
250 |a 1. vydání 
264 1 |a Praha  |b Grada Publishing  |c 2017 
300 |a 157 s. 
610 2 0 |a motivácia pracovná 
610 2 0 |a prekážky v práci 
610 2 0 |a hodnotenie pracovníkov 
610 2 0 |a koučovanie 
610 2 0 |a vedenie ľudí 
610 2 0 |a vzdelávanie 
610 2 0 |a odmeňovanie 
100 1 |a Urban, Jan